Представление документа в формате RUSMARC

ПолеНазваниеЗначение
  Тип записи a
  Библиографический уровень m
001 Контрольный номер RU/IS/BASE/340458868
005 Дата корректировки 20201206204742.3
010 Индекс ISBN __
d Цена 250-00
101 Язык документа __
a Язык текста rus
200 Заглавие и сведения об ответственности 1_
a Заглавие Одолень-трава
e Сведения, относящиеся к заглавию повесть : [для сред. и ст. возраста]
f Первые сведения об ответственности И. Полуянов ; [рис. С. Спицына]
b Общее обозначение материала Текст
210 Выходные данные __
a Место издания Л.
c Издательство Дет. лит., Ленингр. отд-ние
d Дата издания 1979
215 Физическое описание __
a Объем 270, [2] с.
c Иллюстрации/тип воспроизводства ил.
225 Серия __
a Серия Историко-революционная библиотека
300 Общие примечания __
a Общие примечания Дар С. А. Лагерева (1 экз.)
a Общие примечания Кн. с экслибрисом С. А. Лагерева из лич. б-ки (1 экз.)
a Общие примечания Ред. кн.
a Общие примечания Кн. с автогр. и дарств. надписью авт.
330 Аннотация __
a Аннотация Гражданская война на севере нашей Родины, беспощадная схватка двух миров, подвиг народных масс - вот содержание этой книги.
606 Тематические рубрики __
a Основная рубрика Художественная литература
606 Тематические рубрики __
a Основная рубрика Русская литература XX в. (произведения)
y Географическая подрубрика СССР
610 Ключевые слова __
a Ключевые слова советская литература; повести; детская литература; тема приключений; тема дружбы; тема детей; тема революции; тема борьбы; тема войны
686 Индексы других классификаций __
a Классификационный индекс 84(2Рос=Рус)6-4
700 Автор _1
a Фамилия Полуянов
b Имя И. Д.
g Полное личное имя Иван Дмитриевич
4 Код отношения 070
702 Вторичная интеллектуальная ответственность _1
a Фамилия Спицын
b Имя С.
4 Код отношения Художник
702 Вторичная интеллектуальная ответственность _1
a Фамилия Лагерев
b Имя С. А.
4 Код отношения Даритель
702 Вторичная интеллектуальная ответственность _1
a Фамилия Полуянов
b Имя И. Д.
4 Код отношения Автор дарственной надписи
801 Источник записи _0
a Страна RU
b Организация Муниципальное бюджетное учреждение культуры "Централизованная библиотечная система" г. Сургут (Центральная городская библиотека им. А. С. Пушкина)
g Правила каталогизации КиК/Поспелова
801 Источник записи _1
a Страна RU
b Организация Муниципальное бюджетное учреждение культуры "Централизованная библиотечная система" г. Сургут (Центральная городская библиотека им. А. С. Пушкина)
g Правила каталогизации КиК/Поспелова
852 Данные о местонахождении __
j Шифр хранения 84(2Рос=Рус)6-4
c Каталожный индекс 84(2Рос=Рус)6-4
i Авторский знак П 53
901 Тип документа __
t Тип документа m
903 Характеристики (МАРС) __
a Дата передачи 20101015
990 Данные о заказе (DOS) __
j Количество экземпляров (DOS) 1
t N записи в КСУ для И/У (DOS) 201010